| 000 | 00623nas a2200229 i 4500 | ||
|---|---|---|---|
| 001 | 2644 | ||
| 003 | ES-MaACL | ||
| 005 | 20250709062526.0 | ||
| 007 | t| | ||
| 008 | 950801q18791939sp a| | 1 ||pa d | ||
| 080 | _a460 | ||
| 245 | 0 | 0 | _aAlmanaque de El Diluvio. |
| 260 |
_aBarcelona : _bEl Diluvio, _c[1879?-1939?] ( _fImp. El Principado) |
||
| 300 |
_a1 v. (191 p.) : _bgrab ; _c21 cm. |
||
| 310 | _aAnual | ||
| 362 | 0 | _a[1879?-1939?] | |
| 500 | _aEn portada: Obsequio de El Diluvio, diario republicano. | ||
| 852 |
_aES-MaACL _jT-1680-F-18 |
||
| 866 | 0 | _o1925. | |
| 942 |
_2udc _cPERIODICA |
||
| 999 |
_c2644 _d2644 |
||